Török spárga a Dóm téren az Anatólia tüze egyszerre több helyen is ég /

Elmentve itt :
Bibliográfiai részletek
Szerző: Gonda Zsuzsanna
Dokumentumtípus: Cikk
Megjelent: 2007-08-03
Sorozat:Délmagyarország 97 No. 180
Kulcsszavak:Szeged, Táncművészet szabadtéri török 2007 Szeged, Anatólia tüze (színházi ea.), Szegedi Szabadtéri Játékok
Online Access:http://dmarchiv.bibl.u-szeged.hu/138636
LEADER 00614nab a2200157 i 4500
001 delm138636
005 20191220085443.0
008 191220s2007 hu o 0|| hun d
040 |a SZTE Délmagyarország Archívum  |b hun 
041 |a hun 
100 1 |a Gonda Zsuzsanna 
245 1 0 |a Török spárga a Dóm téren   |h [elektronikus dokumentum] :  |b az Anatólia tüze egyszerre több helyen is ég /  |c  Gonda Zsuzsanna 
260 |c 2007-08-03 
300 |a 1, 7 
490 0 |a Délmagyarország  |v 97 No. 180 
695 |a Szeged, Táncművészet szabadtéri török 2007 Szeged, Anatólia tüze (színházi ea.), Szegedi Szabadtéri Játékok